000 00489ntaaa2200193 4500
003 01
005 20251027201804.0
008 0714s1973 ag 01
040 _aAR-BaBN
_bspa
_cAR-BaBN
_eaacr
_dRIC
082 _a241.6600 W58e
100 _aWhite, John
245 _aEros y el pecado sexual
250 _a1 ed.
260 _aBuenos Aires :
_bCerteza,
_cc1980
300 _a150 p ;
_c21 cm
650 _aética cristiana
650 _asexo-interpretación cristiana
_95575
942 _cBK
999 _c12523
_d12523